Slovenské hospodárstvo v kontexte tohtoročných výziev a príležitostí zborník vedeckých príspevkov
Gespeichert in:
| Körperschaft: | |
|---|---|
| Weitere Verfasser: | , , , |
| Format: | Buch |
| Sprache: | Slowakisch |
| Veröffentlicht: |
Bratislava
Vydavateľstvo EKONÓM
2017
|
| Ausgabe: | 1. vydanie |
| Schlagworte: | |
| Tags: |
Keine Tags, Fügen Sie das erste Tag hinzu!
|
MARC
| LEADER | 00000nlm a2200000 4500 | ||
|---|---|---|---|
| 001 | 0240000 | ||
| 005 | 20240827084723.8 | ||
| 020 | |a 978-80-225-4467-2 | ||
| 041 | 0 | |a slo | |
| 044 | |a SK | ||
| 245 | 1 | 0 | |a Slovenské hospodárstvo v kontexte tohtoročných výziev a príležitostí |b zborník vedeckých príspevkov |c redakčné a zostaviteľské práce: Ján Šebo, Pavel Škriniar, Peter Badura ; recenzenti: Ján Šebo, Pavol Poklemba |
| 250 | |a 1. vydanie | ||
| 264 | 1 | |a Bratislava |b Vydavateľstvo EKONÓM |c 2017 | |
| 300 | |a CD-ROM [78 s., 4,86 AH] | ||
| 610 | 2 | 0 | |a hospodárstvo domáce |
| 610 | 2 | 0 | |a gastronómia |
| 610 | 2 | 0 | |a dane z príjmov |
| 610 | 2 | 0 | |a výkonnosť |
| 610 | 2 | 0 | |a zodpovednosť spoločenská |
| 610 | 2 | 0 | |a podnikanie malé |
| 610 | 2 | 0 | |a podnikanie stredné |
| 610 | 2 | 0 | |a ruch cestovný |
| 610 | 2 | 0 | |a papiere cenné |
| 610 | 2 | 0 | |a konkurencieschopnosť |
| 610 | 2 | 0 | |a investovanie |
| 610 | 2 | 0 | |a crowdfunding |
| 610 | 2 | 0 | |a fondy dlhopisové |
| 700 | 1 | |a Šebo, Ján | |
| 700 | 1 | |a Škriniar, Pavel, 1979- | |
| 700 | 1 | |a Badura, Peter, 1978- | |
| 700 | 1 | |a Šebo, Ján | |
| 700 | 1 | |a Poklemba, Pavol | |
| 710 | 2 | |a Ekonomická univerzita v Bratislave. Fakulta podnikového manažmentu | |